Cathédrales de France n°10 - Statistiques

Statistiques générales
  • Ce quiz a été pris 136 fois
  • Le résultat moyen est 6 sur 15
Statistiques - réponses
Par images Hint Réponse % Correct
1145 Notre-Dame, Rouen
77%
1676 Saint-Louis-des-Invalides, Paris
66%
1240 Saint-Etienne, Metz
64%
1248 Notre-Dame, Clermont-Ferrand
55%
1277 Notre-Dame, Rodez
48%
1742 Saint-Louis, Versailles
42%
XIIe Saint-Paul-Aurélien, Saint-Pol-de-Léon
42%
1120 Saint-Lazare, Autun
32%
1827 Notre-Dame, Boulogne-sur-mer
30%
Xe Notre-Dame, Grenoble
28%
1489 Sainte-Marie, Auch
28%
1213 Sainte-Marie, Bayonne
28%
1825 Saint-Sauveur, Cayenne
18%
XIIe Sainte-Marie- Oloron
10%
1609 Notre-Dame, Entrevaux
5%
Aucun quiz correspondant
Distribution des résultats
% des personnes avec chaque résultat
Percentile par nombre de réponses
Votre historique - résultats
Vous n’avez pas pris ce quiz